000 00739nam a2200205 a 4500
001 000037794
005 20201002031120.0
008 100219s2008 dr a 000 0 spa d
040 _aDO-SdBNP
_bspa
_cBNPHU
082 _a342.729302
_bR426c, 2008
110 1 _aRepública Dominicana.
_9447
240 1 3 _aConstitución (2002)
245 1 0 _aConstitución de la República Dominicana :
_bproclamada el 25 de noviembre de 2002.
260 _aSanto Domingo :
_bCámara de Diputados,
_c2008.
300 _a68 p. ;
_c22 cm.
590 _aInventariado, 2018/ YL
651 4 _aRepública Dominicana
_xConstitución (2002{Rpara}
_910514
651 4 _aRepública Dominicana
_zDerecho Constitucional
_9449
910 _aValidado. Control de calidad MFF
999 _c37284
_d37284